[Event "POL-ch rapid"]
[Site "Zgierz"]
[Date "2018.03.04"]
[Round "6"]
[White "Deszczynski, Adam"]
[Black "Sliwicka, Alicja"]
[Result "0-1"]
[WhiteElo "2345"]
[BlackElo "2329"]
[PlyCount "60"]
[EventDate "2018.03.04"]
[EventType "swiss (rapid)"]
[EventRounds "9"]
[EventCountry "POL"]
[SourceTitle "CBM 183 Extra"]
[Source "ChessBase"]
[SourceDate "2018.04.19"]
[SourceVersion "1"]
[SourceVersionDate "2018.04.19"]
[SourceQuality "1"]

1. e4 e5 2. Bc4 Nf6 3. d3 h6 4. Nf3 Nc6 5. Bb3 d6 6. c3 g6 7. Nbd2 Bg7 8. Nf1 0-0 9. Ng3 Kh7 10. 0-0 Ng8 11. d4 Qe7 12. Re1 Bd7 13. h3 Rae8 14. a3 f5 15. exf5 gxf5 16. Bc2 e4 17. Nxe4 fxe4 18. Bxe4+ Qxe4 19. Rxe4 Rxe4 20. Be3 Nce7 21. Nd2 Re6 22. Qb3 Rg6 23. Qxb7 Bc6 24. Qxc7 Bxg2 25. Kh2 Nf5 26. Nc4 Nh4 27. Nd2 Nf3+ 28. Nxf3 Rxf3 29. Qc8 Ne7 30. Qd7 Nf5 0-1

[Event "Warsaw Najdorf Memorial op-A 15th"]
[Site "Warsaw"]
[Date "2017.07.11"]
[Round "3"]
[White "Zherebtsova, Alexandra"]
[Black "Deszczynski, Adam"]
[Result "1/2-1/2"]
[WhiteElo "2219"]
[BlackElo "2380"]
[PlyCount "93"]
[EventDate "2017.07.09"]
[EventType "swiss"]
[EventRounds "9"]
[EventCountry "POL"]
[SourceTitle "CBM 179 Extra"]
[Source "ChessBase"]
[SourceDate "2017.08.23"]
[SourceVersion "1"]
[SourceVersionDate "2017.08.23"]
[SourceQuality "1"]

1. d4 Nf6 2. Nf3 e6 3. c4 Bb4+ 4. Nbd2 b6 5. a3 Bxd2+ 6. Qxd2 Bb7 7. e3 a5 8. b3 d6 9. Be2 Nbd7 10. Bb2 0-0 11. 0-0 Qe7 12. Rfd1 Ne4 13. Qc2 f5 14. b4 Ng5 15. d5 Nxf3+ 16. Bxf3 e5 17. Be2 f4 18. exf4 Rxf4 19. Bc1 Rff8 20. Be3 Nf6 21. f3 Kh8 22. Qb3 Qf7 23. Bd3 h6 24. a4 axb4 25. Qxb4 Ra5 26. Bd2 Rfa8 27. Qb3 R5a7 28. a5 Nd7 29. Bb1 Bc8 30. Qc2 Nf6 31. f4 e4 32. Bc3 Bf5 33. h3 h5 34. Ra3 Rxa5 35. Bxa5 Rxa5 36. Rxa5 bxa5 37. Ba2 Nd7 38. Qa4 Nc5 39. Qxa5 Qg6 40. Qxc7 Bxh3 41. Qd8+ Kh7 42. Qg5 Qxg5 43. fxg5 Bg4 44. Re1 Kg6 45. Bb1 Bf5 46. Kf2 Kxg5 47. Ke3 1/2-1/2

[Event "Warsaw Najdorf Memorial op-A 15th"]
[Site "Warsaw"]
[Date "2017.07.10"]
[Round "2"]
[White "Deszczynski, Adam"]
[Black "Indjic, Aleksandar"]
[Result "0-1"]
[WhiteElo "2380"]
[BlackElo "2575"]
[PlyCount "80"]
[EventDate "2017.07.09"]
[EventType "swiss"]
[EventRounds "9"]
[EventCountry "POL"]
[SourceTitle "CBM 179 Extra"]
[Source "ChessBase"]
[SourceDate "2017.08.23"]
[SourceVersion "1"]
[SourceVersionDate "2017.08.23"]
[SourceQuality "1"]

1. e4 c5 2. Nf3 d6 3. Bb5+ Nd7 4. d4 Ngf6 5. 0-0 cxd4 6. Qxd4 a6 7. Bxd7+ Bxd7 8. Bg5 e6 9. Nc3 Be7 10. Rad1 h6 11. Bxf6 gxf6 12. Rfe1 Rc8 13. Nd2 b5 14. Nf1 h5 15. Ne3 Rg8 16. a4 Bc6 17. axb5 axb5 18. Ne2 h4 19. Qd3 Qb6 20. Nd4 Rg5 21. Nxc6 Qxc6 22. c3 h3 23. g3 f5 24. Nc2 fxe4 25. Qxe4 Qxe4 26. Rxe4 Rc4 27. Re2 d5 28. Kf1 Kd7 29. Ra1 Ra4 30. Ree1 Rg8 31. Ke2 Bc5 32. b3 Re4+ 33. Kf1 Rxe1+ 34. Nxe1 Rc8 35. Nd3 Bd6 36. Rc1 e5 37. f3 f5 38. Ke2 Ra8 39. Rc2 Ra1 40. c4 Rh1 0-1